000 00657nam a2200241Ia 4500
005 20250425162143.0
008 250425s9999 xx 000 0 und d
020 _a9681801075
041 _aspa
082 _a515.35
100 _aBOYCE, WILLIAM E.
245 0 _aECUACIONES DIFERENCIALES Y PROBLEMAS CON VALORES EN LA FRONTERA
250 _a3A ED.
260 _aEstados Unidos
_bLIMUSA
_c1978
260 _aS.L.
300 _a744
500 _aEN CIBGZ-FIMCP D-30763 PARA ING. MECANICA.- MHP.
650 _aECUACIONES DIFERENCIALES
650 _aTRANSFORMADAS DE LAPLACE
700 _aDIPRIMA, RICHARD C.
942 _c01
010 _a53235
999 _c223396
_d223396